000 00481nam a2200169Ia 4500
008 100917s9999 xx 000 0 und d
082 _b4804
100 _aवरखेडकर व. शां.
245 _aध्येयाचा ध्यास
260 _b---
_c1942
365 _b1.5
520 _aनाटक
630 _aध्येयाचा ध्यास
650 _aनाटक
730 _aध्येयाचा ध्यास
942 _cBOOK
999 _c610198
_d610195